000 00402nam a2200133Ia 4500
008 220204s9999 xx 000 0 und d
020 _a0306472554
082 _a579.222
_bUPA
100 _aUpadhyay, Rajeev K
245 0 _aAdvances in microbial toxin research and its biotechnological exploitation
260 _aNew York
_bKluwer Academic/Plenum Publishers
_c2002
650 _aAlfatoxins
942 _cBK
999 _c42252
_d42252